|
|
|
|
| LEADER |
01070nam a2200277 a 4500 |
| 001 |
3916 |
| 003 |
BD-DhAAL |
| 005 |
20150216092135.0 |
| 008 |
150216s1996 nyua b 001 0 eng |
| 010 |
|
|
|a 95016831
|
| 020 |
|
|
|a 0070670218
|
| 040 |
|
|
|a DLC
|c DLC
|d DLC
|d BD-DhAAL
|
| 050 |
0 |
0 |
|a HM51
|b .V354 1996
|
| 082 |
0 |
0 |
|a 301
|2 20
|
| 100 |
2 |
|
|a Vander Zanden, James Wilfrid.
|9 8482
|
| 245 |
1 |
0 |
|a Sociology :
|b the core /
|c James W. Vander Zanden.
|
| 250 |
|
|
|a 4th ed.
|
| 260 |
|
|
|a New York :
|b McGraw-Hill,
|c c1996.
|
| 300 |
|
|
|a xvi, 471, 21 p. :
|b ill. ;
|c 24 cm.
|
| 504 |
|
|
|a Includes bibliographical references (p. 431-470) and indexes.
|
| 541 |
|
|
|e 3916
|
| 650 |
|
0 |
|a Sociology.
|9 8483
|
| 942 |
|
|
|2 ddc
|c BK
|
| 999 |
|
|
|c 33712
|d 33712
|
| 952 |
|
|
|0 0
|1 0
|2 ddc
|4 0
|6 301_000000000000000_VAN
|7 0
|9 52652
|a SCL
|b SCL
|c GEN
|d 2015-02-16
|e Gift: The Asia Foundation
|l 0
|o 301 VAN
|p 3020003916
|r 2015-02-16
|t 1
|w 2015-02-16
|y BK
|
| 952 |
|
|
|0 0
|1 0
|2 ddc
|4 0
|6 301_000000000000000_VAN
|7 0
|9 52766
|a SCL
|b SCL
|c GEN
|d 2015-02-24
|e Gift: The Asia Foundation
|l 0
|o 301 VAN
|p 3020003942
|r 2015-02-24
|t 2
|w 2015-02-24
|y BK
|